Central Library OPAC University of Rajshahi

Hegel as educator / (Record no. 31251)

MARC details
000 -LEADER
fixed length control field 00826cam a22002531 4500
001 - CONTROL NUMBER
control field 31251
003 - CONTROL NUMBER IDENTIFIER
rucl marc code BD-RjUL
005 - DATE AND TIME OF LATEST TRANSACTION
control field 20211209051658.0
008 - FIXED-LENGTH DATA ELEMENTS--GENERAL INFORMATION
fixed length control field 140413s1967 nyu 000 0 eng
035 ## - SYSTEM CONTROL NUMBER
System control number (BD-RjUL)31338
System control number (OCoLC)3228263
040 ## - CATALOGING SOURCE
Original cataloging agency DLC
Transcribing agency KyRE
Modifying agency OCoLC
-- DLC
-- BD-RjUL
Language of cataloging eng
041 ## - LANGUAGE CODE
Language code of text/sound track or separate title eng
082 ## - DEWEY DECIMAL CLASSIFICATION NUMBER
Classification number 193
Author mark and year LUH 1967
100 1# - MAIN ENTRY--PERSONAL NAME
Personal name Luqueer, Frederic Ludlow,
Dates associated with a name 1870- [from old catalog]
9 (RLIN) 95093
245 10 - TITLE STATEMENT
Title Hegel as educator /
Statement of responsibility, etc. by Frederic Ludlow Luqueer.
260 ## - PUBLICATION, DISTRIBUTION, ETC. (IMPRINT)
Place of publication, distribution, etc. New York :
Name of publisher, distributor, etc. AMS Inc.,
Date of publication, distribution, etc. 1967.
300 ## - PHYSICAL DESCRIPTION
Pagination 185 p. ;
Size 24 cm.
600 10 - SUBJECT ADDED ENTRY--PERSONAL NAME
Personal name Hegel, Georg Wilhelm Friedrich,
Dates associated with a name 1770-1831.
942 ## - ADDED ENTRY ELEMENTS (KOHA)
Source of classification or shelving scheme Dewey Decimal Classification
Koha item type Books
Holdings
Lost status Source of classification or shelving scheme Damaged status Not for loan Permanent Location Current Location Shelving location Date acquired Source of acquisition Cost, normal purchase price Total Checkouts Full call number Date last seen Copy number Koha item type
  Dewey Decimal Classification   Not For Loan Central Library, University of Rajshahi Central Library, University of Rajshahi Reading Room 03/02/1971 Zeitlinger 0.00   193 LUH 1967 13/04/2014 C-1 Books